000 01783cam a2200361 i 4500
999 _c58749
_d58749
001 19861765
005 20220714113446.0
008 170803s2018 enk f 000 0 eng
010 _a 2017025126
020 _a9780367355678 (hbk)
020 _a9780367355692 (pbk.)
020 _z9780429340321(ebk)
040 _aDLC
_beng
_cDLC
_erda
_dDLC
042 _apcc
050 0 0 _aHA32
_b.C76 2018
080 _a004+311(075) C-90
100 1 _aCronk, Brian C. (Brian Christopher),
_eauthor.
_914388
245 1 0 _aHow to use SPSS :
_b a step-by-step guide to analysis and interpretation /
_cBrian C. Cronk.
250 _aElevnth edition
264 1 _aNew York :
_bRoutledge, Taylor & Francis Group,
_c2020.
300 _axi, 218 pages ;
_c28 cm
336 _atext
_btxt
_2rdacontent
337 _aunmediated
_bn
_2rdamedia
338 _avolume
_bnc
_2rdacarrier
505 0 _aGetting started -- Entering and modifying data -- Descriptive statistics -- Graphing data -- Prediction and association -- Basic parametric inferential statistics and t-tests -- Anova models -- Nonparametric inferential statistics -- Test construction.
630 0 0 _aSPSS for Windows
_vHandbooks, manuals, etc.
_914389
650 0 _aSocial sciences
_xStatistical methods
_xComputer programs
_vHandbooks, manuals, etc.
_914390
650 0 _aსოციალური მეცნიერებები სტატისტიკური მეთოდები
_914391
650 0 _aკომპიუტერული პროგრამები სახელმძღვანელოები,
_914392
906 _a0
_bvip
_corignew
_d1
_eecip
_f20
_gy-gencatlg
942 _2udc
_cBK
955 _brm15 2017-08-03
_irm15 2017-08-03 (telework) to Dewey
_axn11 2018-03-23 1 copy rec'd., to CIP ver.